000 00296nam a22001337a 4500
020 _a81-304-0209-2
082 _a920
_bTIN/G
100 _aDUA,SHYAM
245 _aSIKH GURUS
260 _aDELHI
_bTINY TOT PUBLICATIONS
_c2011
300 _a192
650 _aGREAT 10 SIKH GURUS
_zDELHI
942 _cBK
999 _c6385
_d6385